| 000 | 00548nam a22001937a 4500 | ||
|---|---|---|---|
| 003 | OSt | ||
| 005 | 20140310181757.0 | ||
| 008 | 130701t xxu||||| |||| 00| 0 eng d | ||
| 020 | _a971103133 | ||
| 050 |
_aQA 28 _b.M539 1986 |
||
| 082 |
_aFIL 925.10 _bM52 2000 |
||
| 100 | _aMendoza, Sonny | ||
| 245 |
_aGreat Mathemeticians _cSonny Mendoza. |
||
| 260 |
_aQuezon City, Philippines: _bSonny A Mendoza _cc2000. |
||
| 300 |
_a100 p. : _bill.; _c21p. |
||
| 520 | _a Mathematicians--Biography. 2. Mathematicians | ||
| 942 |
_2lcc _cBK |
||
| 999 |
_c3506 _d3506 |
||